00610 2200229 4500001002100000005001700021008004100038020001800079035002400097090001800121100001900139245004900158250001200207260003500219300003100254500002700285650001400312850001800326980001500344985000600359999001500365YOGYA-0209000001754620090227022754.0 ind  a979-489-423-0 0010-020900000017546 a632.95bWud P aWudianto, Rini aPetunjuk penggunaan pestisidacRini Widianto aCet. 10 aJakartabPenebar Swadayac1999 aviii, 144 hlmbilusc21 cm aBibliografi : hlm. 144 aPestisida aYOPDYOGbadran a02-01-2006 a1 a02P0003079